1247 1361 1769 1867 1977 1785 1154 1130 1070 1778 1979 1284 1398 1852 1296 1437 1594 1357 1943 1413 1200 1094 1555 1923 1325 1248 1437 1533 1233 1125 1827 1073 1359 1783 1655 1220 1393 1208 1539 1573 1832 1166 1354 1104 1084 1115 1791 1331 1620 1452 1308 1128 1986 1649 1468 1387 1042 1568 1253 1983 1901 1248 1287 1842 1692 1180 1966 1702 1646 1475 1573 1413 1416 1011 1653 1006 1092 1245 1834 1286 1381 1526 1776 1297 1578 1535 1635 1766 1929 1720 1772 1136 1981 1243 1469 1339 1997 1196 1092 BCNSPRNW ULIB Ver.6.0+V

เปลี่ยนเป็นภาษาไทย

Change to English
 แสดงรายละเอียดบรรณานุกรม
  กลับหน้าหลัก

Brief Record : Get Marc (ISO 2709) : E-mail record : QR code < ปิดหน้าต่าง
LEADER : 00000nam 2200000uu 4500
001    13399121936
003     ULIB
008    121002s2546||||th 000 0 tha d
020    ^a9745347043
020    9789745347045
060  4 ^aWM55^bส721จ
100 0  ^aสิทธิโชค วรานุสันติกูล
245 10 ^aจิตวิทยาสังคม :^bทฤษฏีและการประยุกต์ = Social psychology:^btheories and applications /^cสิทธิโชค วรานุสันติกูล
246 31 ^aSocial psychology: theories and applications
260    ^aกรุงเทพฯ :^bซีเอ็ดยูเคชั่น,^c2546
300    ^a346 หน้า ;^c26 ซม.
650  7 ^aจิตวิทยาสังคม
945    ^p220^l0^i12115
945    ^p220^l0^i14843
945    ^p220^l0^i14844
995    ^aทศพร
999 ^a ทศพร
รายการนี้ยังไม่มีแท็ก
คุณยังไม่ได้ล็อกอิน คุณสามารถมีกิจกรรมร่วมกับเว็บไซต์ได้ แต่ต้องล็อกอินก่อน ::
  ล็อกอิน

รายการสื่อสารสนเทศ

ลำดับที่ ประเภท เลขเรียก/บาร์โค้ด สถานที่ สถานะ
1. วิทยาศาสตร์การแพทย์ และสุขภาพ
วิทยาศาสตร์การแพทย์ และสุขภาพ
WM55 ส721จ ฉ.1 
  Barcode: 12115
ห้องสมุดวิทยาเขตสวรรค์ประชารักษ์
►หนังสือทั่วไป
บนชั้น
2. วิทยาศาสตร์การแพทย์ และสุขภาพ
วิทยาศาสตร์การแพทย์ และสุขภาพ
WM55 ส721จ ฉ.2 
  Barcode: 14843
ห้องสมุดวิทยาเขตสวรรค์ประชารักษ์
►หนังสือทั่วไป
บนชั้น
3. วิทยาศาสตร์การแพทย์ และสุขภาพ
วิทยาศาสตร์การแพทย์ และสุขภาพ
WM55 ส721จ ฉ.3 
  Barcode: 14844
ห้องสมุดวิทยาเขตสวรรค์ประชารักษ์
►หนังสือทั่วไป
บนชั้น

รายการใกล้เคียง
    ผู้แต่ง [สิทธิโชค วรานุสันติกูล]

    หัวเรื่อง [จิตวิทยาสังคม]

BibComment


ยังไม่เคยถูกคอมเมนท์

คอมเมนท์ทรัพยากรรายการนี้
  คอมเมนท์: จิตวิทยาสังคม ท..


 Copyright 2026. Bcnsprnw @Library